| 000 | 00830nam a22002297a 4500 | ||
|---|---|---|---|
| 008 | 090127t xxu||||| |||| 00| 0 eng d | ||
| 010 | _aENG-92606 | ||
| 020 |
_c200.00 _a8184221738 |
||
| 035 | _aEN-76139 | ||
| 037 | _bDBAD / PUB | ||
| 040 |
_adpl _bEnglish |
||
| 082 | _a821 | ||
| 100 | _aAbhilash Das | ||
| 245 |
_aSaint Kabir and his teachings / _cby Abhilash Das; translated by Lakhi N. Paryani |
||
| 260 |
_aAllahabad _bKabir Parakh Sansthan _c2007 |
||
| 270 |
_aSant Kabir Marg, Pritam Nagar, _bAllahabad` _e211001 |
||
| 300 |
_a535p. _c22cm (Hb) |
||
| 600 |
_aKabir, 15th cent _xTeachings. |
||
| 700 | _aLakhi N. Paryani | ||
| 942 |
_2ddc _cEN _mABH _h821 |
||
| 999 |
_c22422 _d22422 |
||